UBT Library

DEPRESSION (Record no. 58609)

000 -LEADER
fixed length control field 00301nam a22001457a 4500
008 - FIXED-LENGTH DATA ELEMENTS--GENERAL INFORMATION
fixed length control field 221019b ||||| |||| 00| 0 eng d
020 ## - INTERNATIONAL STANDARD BOOK NUMBER
International Standard Book Number 047180671
041 ## - LANGUAGE CODE
Language code of text/sound track or separate title eng
080 ## - UNIVERSAL DECIMAL CLASSIFICATION NUMBER
Universal Decimal Classification number 159.9
082 ## - DEWEY DECIMAL CLASSIFICATION NUMBER
Classification number 159.9
100 ## - Rafti
Rafti 24.1
101 ## - Shkurtesa
Shkurtesa PSI
245 ## - TITLE STATEMENT
Title DEPRESSION
Statement of responsibility, etc WILLNER P
942 ## - ADDED ENTRY ELEMENTS (KOHA)
Source of classification or shelving scheme
Item type Books
Holdings
Withdrawn status Lost status Source of classification or shelving scheme Damaged status Not for loan Collection code Permanent location Current location Date acquired Total Checkouts Full call number Barcode Date last seen Price effective from Koha item type
          Koleksioni i përgjithshem UBT - Lipjan UBT - Lipjan 10/19/2022   159.9 WIL 002-800028700260230 10/19/2022 10/19/2022 Books
          Koleksioni i përgjithshem UBT - Lipjan UBT - Lipjan 10/19/2022   159.9 LEV 002-800028700260231 10/19/2022 10/19/2022 Books
          Koleksioni i përgjithshem UBT - Lipjan UBT - Lipjan 10/19/2022   159.9 BUR 002-800028700260232 10/19/2022 10/19/2022 Books
UBT Library © 2015-2024. All rights reserved University Education for Business and Technology